| 000 | 00867nam a2200229 a 4500 | ||
|---|---|---|---|
| 001 | 000041047 | ||
| 005 | 20201002034558.0 | ||
| 008 | 130916s2011 dr ac 000 0 spa d | ||
| 020 | _a9789945469745 | ||
| 040 |
_aDO-SdBNP _bspa _cBNPHU |
||
| 082 |
_a926.2 _bD611f |
||
| 100 | 1 |
_aDisla Gómez, Félix _967538 |
|
| 245 | 1 | 4 |
_aLos Gómez Alfonso : _buna familia dominicana con ascendencia puertorriqueña y cubana / _cFélix Disla Gómez. |
| 260 |
_aSanto Domingo : _bMinisterio de Cultura : _bNacional, _c2011. |
||
| 300 |
_a154 p. : _bil., retr. ; _c22 cm. |
||
| 490 | 1 |
_aCuadernos de cultura _bGenealógia _v1 |
|
| 504 | _aBibliografía p: 105-106 | ||
| 600 | 1 | 4 |
_aDISLA GÓMEZ, FÉLIZ _d1955- _xFAMILIA _967539 |
| 651 | 4 |
_aRepública Dominicana _xGenealogía _92157 |
|
| 830 | 0 |
_aCuadernos de cultura _gGenealógia _v1 _967540 |
|
| 910 | _aValidado. Control de calidad MFF | ||
| 999 |
_c40537 _d40537 |
||